| 000 | nam a22 7a 4500 | ||
|---|---|---|---|
| 999 |
_c234391 _d234391 |
||
| 003 | Nust | ||
| 005 | 20170320120102.0 | ||
| 008 | 170320b xxu||||| |||| 00| 0 eng d | ||
| 040 | _c0 | ||
| 082 | _a320.3 KES | ||
| 100 | _aKesselman,Mark | ||
| 245 |
_aIntroduction To Comparative Politics _cGeneral Editors Mark Kesselman |
||
| 250 | _a4th ed | ||
| 260 |
_aRawalpindi _bNational Book Foundation _c2008 |
||
| 300 | _a682+Versis pages | ||
| 500 | _aH.B | ||
| 942 |
_2ddc _cBK _k320.3 KES |
||